Statistiken für Alle Gegner die gegen Spanien bei der EM gespielt haben

Klicken Sie hier um das Quiz zu spielen!

Allgemein

  • Dieses Quiz wurde 113 mal gespielt
    (92 seit der letzten Aktualisierung)
  • Das Durchschnittsergebnis liegt bei 37 aus 44

Antwortstatistiken

SpielErgebnisGegner% Korrekt
2008: Finale1:0Deutschland
100%
2020: Halbfinale2:4 i. E.Italien
96%
2016: Achtelfinale0:2Italien
96%
2008: Viertelfinale4:2 i. E.Italien
96%
2012: Vorrunde1:1Italien
96%
1988: Vorrunde0:1Italien
96%
2012: Finale4:0Italien
96%
1980: Vorrunde0:0Italien
96%
2012: Viertelfinale2:0Frankreich
94%
1984: Finale0:2Frankreich
94%
1996: Vorrunde1:1Frankreich
94%
1984: Vorrunde1:1Portugal
94%
2004: Vorrunde1:0Portugal
94%
2012: Halbfinale4:2 i. E.Portugal
94%
1980: Vorrunde1:2England
93%
2020: Vorrunde0:0Schweden
93%
2008: Vorrunde2:1Schweden
93%
2020: Viertelfinale3:1 i. E.Schweiz
93%
1980: Vorrunde1:2Belgien
89%
2008: Halbfinale3:0Russland
89%
2008: Vorrunde4:1Russland
89%
2004: Vorrunde1:0Russland
89%
2016: Vorrunde1;0Tschechien
88%
2012: Vorrunde4:0Irland
86%
2016: Vorrunde1:2Kroatien
86%
2020: Achtelfinale5:3 n. V.Kroatien
86%
2012: Vorrunde1:0Kroatien
86%
1988: Vorrunde3:2Dänemark
85%
1984: Halbfinale1:1 i. E.Dänemark
85%
2004: Vorrunde1:1Griechenland
85%
2008: Vorrunde2:1Griechenland
85%
2000: Vorrunde0:1Norwegen
85%
2020: Vorrunde1:1Polen
85%
1984: Vorrunde1:1Rumänien
81%
1996: Vorrunde2:1Rumänien
81%
2020: Vorrunde5:0Slowakei
81%
1964: Halbfinale2:1 n. V.Ungarn
79%
1996: Vorrunde1:1Bulgarien
75%
2000: Vorrunde4:3Jugoslawien
75%
2016: Vorrunde3:0Türkei
74%
2000: Vorrunde2:1Slowenien
71%
1964: Finale2:1Sowjetunion
59%
1984: Vorrunde1:0BR Deutschland
30%
1988: Vorrunde0:2BR Deutschland
30%

Verteilung der Resultate

Perzentil nach korrekt beantworteten Fragen

Anzahl Personen mit jedem Resultat

Ihre Resultats-Entwicklung

Sie haben dieses Quiz seit der letzten Aktualisierung nicht gespielt